| 000 | 01196nam a22002657a 4500 | ||
|---|---|---|---|
| 005 | 20170124103055.0 | ||
| 010 | _aA-981866 | ||
| 020 |
_c115.00 _a8126006471 |
||
| 035 | _aA-981866 | ||
| 037 | _bCen Lib/Ret | ||
| 040 |
_aDPL _bHN |
||
| 082 |
_aउ _bब्रानटे |
||
| 100 |
_aब्रानटे, एमिली _971792 |
||
| 245 |
_aझंझा भवन / _c एमिली ब्रानटे ; अनुवादक मधुब्रज अंशुमाली |
||
| 246 |
_aJhanjha Bhavan _bby Amili Brante ;anuvadak Madhubrij Anshumaali |
||
| 260 |
_aनई दिल्ली _bसाहित्य अकादेमी _c1999 |
||
| 270 |
_aरविन्द्र भवन 35, फिरोज़शाह मार्ग _bनई दिल्ली _e110001 |
||
| 300 |
_a319पृष्ठ. _c20सेमी(सजिल्द) |
||
| 650 |
_aहिंदी साहित्य _971793 |
||
| 650 |
_aहिंदी उपन्यास _971794 |
||
| 650 |
_aHindi literature _971795 |
||
| 650 |
_aHindi novel _971796 |
||
| 700 |
_aअंशुमाली, मधुब्रज _940 |
||
| 942 |
_2ddc _cHN _hउ _mब्रानटे |
||
| 999 |
_c117410 _d117410 |
||